Normal view
MARC view
- Arthur P. Boresi
Entry Personal Name
001 - CONTROL NUMBER
- control field: 13407
003 - CONTROL NUMBER IDENTIFIER
- control field: NUST
005 - DATE AND TIME OF LATEST TRANSACTION
- control field: 20190125131725.0
008 - FIXED-LENGTH DATA ELEMENTS
- fixed length control field: 190125|| aca||aabn | a|a d
040 ## - CATALOGING SOURCE
- Original cataloging agency: NUST
- Transcribing agency: NUST
100 ## - HEADING--PERSONAL NAME
- Personal name: Arthur P. Boresi
670 ## - SOURCE DATA FOUND
- Source citation: Work cat.: (NUST): Arthur P. Boresi, Advanced Mechanics of Materials
